Traversing Digital Babel (Record no. 340600)

MARC details
000 -LEADER
fixed length control field 00503nam a2200169Ia 4500
008 - FIXED-LENGTH DATA ELEMENTS--GENERAL INFORMATION
fixed length control field 230718s9999 xx 000 0 und d
020 ## - INTERNATIONAL STANDARD BOOK NUMBER
International Standard Book Number 9780262027878
041 ## - LANGUAGE CODE
Language code of text/sound track or separate title eng
082 ## - DEWEY DECIMAL CLASSIFICATION NUMBER
Classification number 025.04
Item number PEL
100 ## - MAIN ENTRY--PERSONAL NAME
Personal name Peled A.
9 (RLIN) 198104
245 ## - TITLE STATEMENT
Title Traversing Digital Babel
Remainder of title Information, E-Government, And Exchange
260 ## - PUBLICATION, DISTRIBUTION, ETC. (IMPRINT)
Date of publication, distribution, etc. 2014
Name of publisher, distributor, etc. MIT Press
300 ## - PHYSICAL DESCRIPTION
Extent 279
Accompanying material [OBSOLETE, CAN/MARC] Ref 1569 C (51807)
365 ## - TRADE PRICE
Currency code Rs.
Price amount 2013.00
700 ## - ADDED ENTRY--PERSONAL NAME
Personal name Peled A.
9 (RLIN) 198104
906 ## - LOCAL DATA ELEMENT F, LDF (RLIN)
d O:0474817-Oct-2015B:206128-Aug-2015
c COMP
b 503.25
Holdings
Withdrawn status Lost status Source of classification or shelving scheme Reference No Damaged status Not for loan Home library Current library Date acquired Vendor Budget Code Cost, normal purchase price Bill number Full call number Barcode Date last seen Discount Cost, replacement price Bill Date Koha item type Original Barcode
    Dewey Decimal Classification Ref 1569 C (51807)   Reference Cummins College of Engineering for Women Pune Cummins College of Engineering for Women Pune 17/10/2015 Vaibhav Book House COMP 1509.75 2061 025.04 CCEP-BK-51807 18/07/2023 503.25 2013.00 28/08/2015 Books 051807